| 000 | 00846nam a2200253 a 4500 | ||
|---|---|---|---|
| 001 | 000017246 | ||
| 003 | DO-SdBNP | ||
| 005 | 20240412074246.0 | ||
| 008 | 100322s2007 dr r 001 p spa d | ||
| 020 | _a9789945420258 | ||
| 040 |
_aDO-SdBNP _bspa _cBNPHU |
||
| 082 |
_aRD861.44 _bC111p |
||
| 100 | 1 |
_aCaamaño C., Rafael E., _d1943- _937907 |
|
| 245 | 1 | 0 |
_aPoemas en micro surcos : _bantología / _cRafael E. Caamaño C. |
| 260 |
_aSan Francisco de Macorís : _bRumbo Sur, _c2007. |
||
| 300 |
_a105 p. ; _c17 cm. |
||
| 500 | _aIncluye datos biográficos del autor en la contracubierta. | ||
| 590 | _aInventariado, 2018/BT | ||
| 650 | 4 |
_aPoesía dominicana _xColecciones _9351 |
|
| 650 | 4 |
_aAutores dominicanos _xBiografías _9230 |
|
| 650 | 0 |
_aLiteratura dominicana. _967 |
|
| 910 | _aValidado. Control de calidad. MFF | ||
| 942 |
_2ddc _cLBS1 |
||
| 999 |
_c16771 _d16771 |
||